Tecnicas audiovisuales y la ensenanza artistica (Las) (Record n. 46140)
[ formato base ]
| 000 -LEADER | |
|---|---|
| fixed length control field | 00870nam a2200301Ia 4500 |
| 001 - CONTROL NUMBER | |
| control field | 15998 |
| 003 - CONTROL NUMBER IDENTIFIER | |
| control field | IT-RoPAU |
| 008 - FIXED-LENGTH DATA ELEMENTS--GENERAL INFORMATION | |
| fixed length control field | 130308s9999 xx 000 0 und d |
| 040 ## - CATALOGING SOURCE | |
| Original cataloging agency | IT-RoPAU |
| 040 ## - CATALOGING SOURCE | |
| Transcribing agency | IT-RoPAU |
| 041 ## - LANGUAGE CODE | |
| Language code of text/sound track or separate title | SPAGNOLO |
| 999 ## - SYSTEM CONTROL NUMBERS (KOHA) | |
| Koha Dewey Subclass [OBSOLETE] | SI |
| 100 ## - MAIN ENTRY--PERSONAL NAME | |
| Personal name | Dieuzeide Henry |
| 100 ## - MAIN ENTRY--PERSONAL NAME | |
| Miscellaneous information | Codice Aut. SPICS: 7213 |
| 245 ## - TITLE STATEMENT | |
| Title | Tecnicas audiovisuales y la ensenanza artistica (Las) |
| 245 ## - TITLE STATEMENT | |
| Remainder of title | Tecnicas Audiovisuales al servicio de la Ensenanza (Las) |
| 250 ## - EDITION STATEMENT | |
| Edition statement | 1a ed. |
| 260 ## - PUBLICATION, DISTRIBUTION, ETC. (IMPRINT) | |
| Place of publication, distribution, etc. | BUENOS AIRES |
| 260 ## - PUBLICATION, DISTRIBUTION, ETC. (IMPRINT) | |
| Name of publisher, distributor, etc. | Ateneo Editorial |
| 260 ## - PUBLICATION, DISTRIBUTION, ETC. (IMPRINT) | |
| Date of publication, distribution, etc. | 1969 [1° Ed.:1969 - Ed.Ling.Originale:1966] |
| 300 ## - PHYSICAL DESCRIPTION | |
| Extent | "7 p. (prefazione: no ; testo: 7 [pagine: 257-263])" |
| 500 ## - GENERAL NOTE | |
| General note | Tecniche Audiovisive e insegnamento Artistico |
| 650 ## - SUBJECT ADDED ENTRY--TOPICAL TERM | |
| Topical term or geographic name as entry element | DIDATTICA AUDIOVISIVA |
| 650 ## - SUBJECT ADDED ENTRY--TOPICAL TERM | |
| Relator term | Codice materia Spics: 4002 |
| 942 ## - ADDED ENTRY ELEMENTS (KOHA) | |
| Koha item type | LIBRO |
| 957 ## - | |
| -- | 1 |
| 999 ## - SYSTEM CONTROL NUMBERS (KOHA) | |
| -- | 1 |
| Withdrawn status | Lost status | Damaged status | Not for loan | Home library | Current library | Date acquired | Total Checkouts | Full call number | Date last seen | Price effective from | Koha item type | Public note |
|---|---|---|---|---|---|---|---|---|---|---|---|---|
| Buone Condizioni | Not For Loan | SPICS-MEDIATECA | SPICS-MEDIATECA | 08/03/2013 | 15998 | 08/03/2013 | 08/03/2013 | LIBRO | Progressivo inserimento: 18367 / N. Volumi: 0 [=Contributo] Copie: 1 Copia Rara: SI / data import: 1 marzo 2013 - By Epidotti, Trombetti, Vaglietti. |